Zásady tvorby investičného portfólia diplomová práca

Na minha lista:
Detalhes bibliográficos
Autor principal: Losso, Svetlana Aryati
Autor Corporativo: Národohospodárska fakulta EU. Katedra bankovníctva a medzinárodných financií
Outros Autores: Gachová, Katarína, 1977-
Formato: Livro
Idioma:eslovaco
Publicado em: Bratislava 2025
Tags: Adicionar Tag
Sem tags, seja o primeiro a adicionar uma tag!

MARC

LEADER 00000nbm a2200000 4500
001 0309261
005 20260109112249.9
041 0 |a slo 
044 |a SK 
245 1 0 |a Zásady tvorby investičného portfólia  |b diplomová práca  |c Svetlana Aryati Losso ; školiteľ: Katarína Gachová 
264 1 |a Bratislava  |c 2025 
300 |a 60 s. 
100 1 |a Losso, Svetlana Aryati 
700 1 |a Gachová, Katarína, 1977- 
710 2 |a Národohospodárska fakulta EU. Katedra bankovníctva a medzinárodných financií